| 000 | 02713cam a2200397 i 4500 | ||
|---|---|---|---|
| 001 | 768714001 | ||
| 003 | CO-MdFUSB | ||
| 005 | 20250527151512.0 | ||
| 007 | ta | ||
| 008 | 101130t20112011cau b 001 0 eng | ||
| 010 | _a 2010049429 | ||
| 020 | _a9780470907757 | ||
| 040 |
_aDLC _beng _cCO-MdFUSB _dYDX _dCO-MdFUSB _dBTCTA _dYDXCP _dBWX _dIHV _dIG# _dMNJ _dABG _dUKMGB _dVP@ _dCDX _dBDX _dOCLCF _dP4I _dOCLCQ _dUtOrBLW _erda |
||
| 041 | _aeng | ||
| 042 | _apcc | ||
| 082 | 0 | 0 |
_222 _a248.4 _bR739 |
| 100 | 1 |
_aRohr, Richard. _eautor |
|
| 245 | 1 | 0 |
_aFalling upward : _ba spirituality for the two halves of life _c/ Richard Rohr. |
| 250 | _aprimera edición | ||
| 264 | 1 |
_aSan Francisco : _bJossey-Bass, _c[2011] |
|
| 264 | 4 | _c © 2011. | |
| 300 |
_a199 páginas ; _c19 cm. |
||
| 336 |
_atexto _btxt _2rdacontent. |
||
| 337 |
_asin mediación _bn _2rdamedia. |
||
| 338 |
_avolumen _bnc _2rdacarrier. |
||
| 504 | _aIncluye referencias bibliográficas e indice. | ||
| 505 | _aLas dos mitades de la vida - El viaje del héroe y la heroína - La primera mitad de la vida - El sentido trágico de la vida - Tropezar con la piedra de tropiezo - Sufrimiento necesario - Hogar y nostalgia - Amnesia y el panorama general - - Una segunda simplicidad - Una tristeza brillante - Las tierras sombrías - Nuevos problemas y nuevas direcciones - Cayendo hacia arriba. | ||
| 520 | _a"Una nueva forma de pensar acerca de la espiritualidad que crece a lo largo de la vida. En Falling Upward, el P. Richard Rohr busca ayudar a los lectores a comprender las tareas de las dos mitades de la vida y mostrarles que aquellos que han caído, fallado o" han caído "somos los únicos que entendemos". "La mayoría de nosotros tendemos a pensar que la segunda mitad de la vida se trata principalmente de envejecer, lidiar con problemas de salud y dejar la vida, pero la tesis completa de este libro es exactamente el opuesto. "Lo que parece caerse puede ser experimentado en gran medida como" caer hacia arriba "." De hecho, no es una pérdida sino una ganancia, como todos hemos visto con los ancianos que "han llegado a su plenitud". Explica por qué la segunda mitad de la vida puede y debe estar llena de riqueza espiritual. Ofrece una nueva visión de cómo ocurre el crecimiento espiritual. La pérdida es ganancia. Richard Rohr es un escritor colaborador habitual de las revistas Sojourners y Tikkun. Este importante libro explora el mensaje contraintuitivo de que crecemos espiritualmente mucho más por haciendo mal que haciendo lo correcto ". | ||
| 563 | _aRústico | ||
| 650 | 7 |
_aReligión _9385 |
|
| 942 | _cBK | ||
| 945 | _aJTF-925 | ||
| 999 |
_c66421 _d66421 |
||